<?xml version="1.0" encoding="UTF-8"?>
<collection xmlns="http://www.loc.gov/MARC21/slim">
  <record>
    <leader>00000nam  2200000   4500</leader>
    <controlfield tag="001">INLIS000000000017642</controlfield>
    <controlfield tag="005">20240814031600</controlfield>
    <datafield tag="035" ind1="#" ind2="#">
      <subfield code="a">0010-0824000263</subfield>
    </datafield>
    <controlfield tag="007">ta</controlfield>
    <controlfield tag="008">240814################g##########0#ind##</controlfield>
    <datafield tag="020" ind1="#" ind2="#">
      <subfield code="a">978-602-06-5411-9</subfield>
    </datafield>
    <datafield tag="082" ind1="#" ind2="#">
      <subfield code="a">155.23</subfield>
    </datafield>
    <datafield tag="084" ind1="#" ind2="#">
      <subfield code="a">155.23 BAY d</subfield>
    </datafield>
    <datafield tag="100" ind1=" " ind2="#">
      <subfield code="a">Bayer, Mike</subfield>
    </datafield>
    <datafield tag="245" ind1="1" ind2="#">
      <subfield code="a">Diri Terbaik :</subfield>
      <subfield code="b">Cara efektif memaksimalkan potensi diri /</subfield>
      <subfield code="c">Mike Bayer</subfield>
    </datafield>
    <datafield tag="260" ind1="#" ind2="#">
      <subfield code="a">Jakarta :</subfield>
      <subfield code="b">Gramedia Pustaka Utama,</subfield>
      <subfield code="c">2022</subfield>
    </datafield>
    <datafield tag="300" ind1="#" ind2="#">
      <subfield code="a">xxxi, 350 hal. ;</subfield>
      <subfield code="c">23 cm</subfield>
    </datafield>
    <datafield tag="650" ind1="#" ind2="4">
      <subfield code="a">Potensi Diri</subfield>
    </datafield>
    <datafield tag="520" ind1="#" ind2="#">
      <subfield code="a">Dengan bekerja melalui tujuh SPHERES kehidupan—Kehidupan Sosial (5, Social Life), Kehidupan Pribadi (P, Personal Life), Kesehatan (H, Health), Pendidikan (E, Education), Relasi (R, Relationships), Pekerjaan (E, Employment), dan Kehidupan Spiritual (5, Spiritual Life)—Mike Bayer mengungkapkan pemikirannya. Dia akan menjadi pembimbing Anda, dan akan mengarahkan Anda di sepanjang prosesnya untuk melewati serangkaian pertanyaan yang mendalam, mengusik, tapi penting, yang belum pernah diajukan kepada Anda sebelumnya—seperti "apa nilai inti hidupku?", "apa hal-hal yang kutakutkan?", dan "apakah aku mengabaikan beberapa aspek kesehatan fisik karena aku takut atau menyangkalnya?", Best Self akan memberdayakan Anda secara autentik, mengakui apa yang menghambat Anda, dan menerobos untuk menjalani kehidupan yang penuh gairah dengan sepenuhnya, dan selamanya.</subfield>
    </datafield>
    <datafield tag="856" ind1="#" ind2="#">
      <subfield code="a">Perpustakaan LAN Pusat</subfield>
    </datafield>
    <datafield tag="990" ind1="#" ind2="#">
      <subfield code="a">240819859</subfield>
    </datafield>
  </record>
</collection>
